| 000 | 00520nam a22001937a 4500 | ||
|---|---|---|---|
| 003 | NUST - PNEC | ||
| 005 | 20170116180930.0 | ||
| 008 | 150905b xxu||||| |||| 00| 0 eng d | ||
| 020 | _a0881732001 | ||
| 020 | _a0133244431 | ||
| 040 | _cLIBRARY | ||
| 082 | _a333.793 SPI | ||
| 100 |
_98224 _aSpiewak, Scott A. |
||
| 245 |
_aCogeneration and small power production manual _cScott A.Spiewak |
||
| 250 | _a4th ed. | ||
| 260 | _cc.1994 | ||
| 650 |
_98225 _aCogeneration of electric power & heat _xME |
||
| 942 |
_2ddc _cBK |
||
| 999 |
_c65894 _d65894 |
||